000
00306nam a2200121Ia 4500
003
GCL
008
140319s9999 xx 000 0 eng d
040
_a
GCL /
_c
GCL
082
0
4
_a
410
_b
B L
245
1
0
_a
LECTURES ON LINGUISTICS
260
_a
[S.N] :
_b
HIJHER SCHOOL PUBLISHING HOUSE ،
_c
1969
300
_a
175 P
999
_c
19707
_d
19707